| 000 | 00473nam a2200193 a 4500 | ||
|---|---|---|---|
| 001 | 84492 | ||
| 003 | BD-RjUL | ||
| 005 | 20241209151353.0 | ||
| 008 | 241209s1965 |||||||| |||| 00| 0 eng d | ||
| 035 | _a(BD-RjUL)84492 | ||
| 040 |
_aBD-RjUL _beng _cBD-RjUL |
||
| 041 | _aeng | ||
| 082 |
_223 _a657.42 _bCOS 1965 |
||
| 245 | _a Cost accounting | ||
| 260 |
_aLeiden : _b E. J. Brill _c1965 |
||
| 300 |
_a546 p.; _c22 cm. |
||
| 650 |
_aCost accounting _98003 |
||
| 942 |
_2ddc _cBK |
||
| 999 |
_c84492 _d84492 |
||